Most common female names starting with F - Statistics

General Stats
  • This quiz has been taken 198 times
  • The average score is 21 of 100
Answer Stats
Hint Answer % Correct
35 Fran
88%
1 Frances
80%
7 Fiona
77%
27 Flor
74%
8 Francesca
66%
11 Flora
65%
40 Fanny
63%
4 Florence
60%
18 Francis
59%
3 Felicia
58%
14 Felicity
52%
51 Frank
51%
2 Faith
50%
21 Fay
50%
15 Freya
50%
9 Francine
48%
25 Fern
47%
24 Frida
47%
74 Franki
46%
12 Frankie
46%
5 Fatima
42%
6 Faye
41%
84 Fara
40%
19 Farrah
37%
17 Freda
32%
16 Fannie
30%
10 Finley
30%
28 Farah
29%
31 Fawn
29%
34 Freddie
28%
58 Frederica
28%
13 Fernanda
27%
26 Francisca
27%
76 Flavia
24%
54 Fabiana
23%
85 Fae
21%
30 Frieda
21%
20 Fallon
20%
23 Fabiola
18%
41 Felice
18%
99 Fionna
18%
43 Flossie
17%
59 Francie
17%
32 Freida
17%
97 Florida
16%
70 Fanta
15%
55 Filomena
14%
67 Florencia
14%
100 Frederick
14%
66 Freedom
14%
45 Finnley
12%
29 Felisha
11%
94 Francia
11%
53 Fantasia
10%
68 Fredericka
9%
49 Falon
8%
36 Fatimah
8%
38 Fonda
8%
46 Fayth
7%
83 Felipa
7%
77 Finleigh
7%
42 Florine
7%
92 Floy
7%
62 Francene
7%
96 Freeda
7%
73 Faustina
6%
33 Franchesca
6%
91 Francisco
6%
39 Freyja
6%
90 Fatma
5%
64 Felicita
5%
81 Finlee
5%
37 Faigy
4%
65 Francina
4%
95 Fredda
4%
71 Falyn
3%
69 Fatou
3%
44 Fatoumata
3%
87 Faythe
3%
22 Felecia
3%
57 Fiorella
3%
50 Francheska
3%
60 Faiga
2%
48 Faviola
2%
79 Fredricka
2%
86 Falisha
1%
56 Fallyn
1%
93 Farida
1%
82 Felicitas
1%
52 Felisa
1%
63 Female
1%
75 Florene
1%
89 Floretta
1%
72 Florinda
1%
80 Faiza
0%
88 Fatema
0%
47 Felica
0%
98 Felita
0%
78 Fraidy
0%
61 Fredia
0%
No matching quizzes found
Score Distribution
Percent of People with Each Score
Percentile by Number Answered
Your Score History
You have not taken this quiz